000 00382 a2200169 4500
001 192253
020 _a978-85-01-08100-1
040 _cMagnum
100 _aGregory, Philippa
240 1 0 _aA herança de Ana Bolena
_lpor
245 1 0 _aA herança de Ana Bolena
300 _a459
362 0 _a2010
440 1 _aRecord
697 _aLITERATURA GERAL ESTRANGEIRA
942 _cBK
999 _c192253
_d192253